Pièces de Molière - Mort subite - Statistiques

Statistiques générales
  • Ce quiz a été pris 69 791 fois
  • Le résultat moyen est 5 sur 17
Answers on the Grid
Answers color-coded by a green-red scale on the quiz's grid according to % correct below.
Médecin malgré moi
Les Fourberies de Poquelin
L'Avare
Les Précieuses ridicules
Le Cid
Le Bourgeois gentilhomme
Les Fausses confidences
L'Ecole des femmes
Dom Juan ou le Festin de Pierre
Le Médecin volant
L'Ecole des maris
L'Ecole des bonnes
Le Philanthrope
Les Femmes savantes
Le Malade imaginaire
Le Tartuffe ou l'Imposteur
Le Malade malgré lui
Le Misanthrope
Amphitryon
Sganarelle ou le Cocu imaginaire
Le Secret de Polichinelle
Colombine et Arlequin
Le Dépit amoureux
L'Amour médecin
Psyché
Narcisse ou le Chagrin d'Echo
Les Amants magnifiques
 
Statistiques - réponses
Réponse % Correct
L'Avare
68%
Le Malade imaginaire
65%
Le Bourgeois gentilhomme
55%
L'Ecole des femmes
46%
Le Misanthrope
43%
Le Tartuffe ou l'Imposteur
43%
Les Femmes savantes
41%
Les Précieuses ridicules
36%
Dom Juan ou le Festin de Pierre
26%
Sganarelle ou le Cocu imaginaire
16%
Le Médecin volant
14%
L'Amour médecin
11%
Amphitryon
10%
L'Ecole des maris
10%
Les Amants magnifiques
9%
Le Dépit amoureux
5%
Psyché
4%
Aucun quiz correspondant
Distribution des résultats
% des personnes avec chaque résultat
Percentile par nombre de réponses
Votre historique - résultats
Vous n’avez pas pris ce quiz